01020cam a22003011a 4500952013600000999001700136001000800153003000900161005001700170008004100187010001700228035001900245040004900264042001200313043002100325050002300346082001800369100001800387245006300405260003300468300002900501500002000530504003000550651004200580651003900622906004500661942001200706 00102ddc40708NFICaASLbASLcGENd2021-02-15eASB Collectionl0o327.5405 TIIp105826r2021-02-15 00:00:00tC-1w2021-02-15yBK c21841d218416098033BDDh-ASL20231015030041.0820113s1962 nyua b 001 0 eng  a 62017298  a(OCoLC)8060132 aDLCcPPdMoSU-LdOCoLCdODaWUdDLCdBDDh-ASL apremarc aa-ii---aa-pk---00aDS480.84b.T5 1962 a327.5405bTII1 aTinker, Hugh.10aIndia and Pakistan :ba political analysis /cHugh Tinker. aNew York :bPraeger,cc1962. a228 p. :bill. ;c21 cm. aIncludes index. aBibliography: p. 217-220. 0aIndiaxPolitics and governmenty1947- 0aPakistanxPolitics and government. a7bcbccoclcrplduencipf19gy-gencatlg 2ddccBK